000 nam a22 a 4500
999 _c1528
_d1528
003 AKMAL
005 20170509165344.0
008 170509s1997 my 00 may d
020 _a9676106151 (kkt.):
_cRM 12.00
040 _aAKMAL
_cAKMAL
049 _aklpmal
082 _a306.872 HAS
090 0 0 _a306.872
_bHAS
090 2 0 _a306.872
_bHAS
100 _aHasan Hj. Mohd. Ali,
_cDato',
_d1947-
_91200
245 1 0 _a30 luahan perasaan suami /
_cHasan Hj. Mohd Ali
260 _aKuala Lunmpur :
_bUtusan Publications & Distributors,
_c1997
300 _axiii, 163ms. :
_b ;
_c22cm
440 _aSiri cetusan hati Utusan-AKRAB
_93058
650 _aHusbands
_93059
650 _aHusband and wife (Islamic law)
_91978
650 _aMarriage
_91204
650 _aExpression
_93060
942 _2ddc
_cBOOK